Detalles MARC
| 000 -LIDER |
| fixed length control field |
00988nam a2200265 a 4500 |
| 001 - NÚMERO DE CONTROL |
| Identificador de número de control |
|
| 003 - IDENTIFICACDOR DE NÚMERO DE CONTROL |
| control field |
DO-SdBNP |
| 005 - DATE AND TIME OF LATEST TRANSACTION |
| control field |
20231006102959.0 |
| 008 - ELEMENTOS DE LONGITUD FIJA |
| fixed length control field |
100201s2008 xx 000 0 spa d |
| 040 ## - FUENTE DE CATALOGACIÓN |
| Agencia que crea de manera original el registro |
DO-SdBNP |
| Idioma de catalogación |
spa |
| Agencia que realiza la transcripción |
BPMSU |
| 082 #4 - NÚMERO DE CLASIFICACIÓN DECIMAL DE DEWEY |
| Classification number |
362.74098 |
| Item number |
J97r 2008 |
| Edition number |
22 |
| 245 04 - MENCIÓN DE TITULO |
| Título |
Juventud en riesgo en América Latina y el Caribe : |
| Subtítulo |
entendiendo las causas, realizando su potencial / |
| Mención de responsabilidad |
Wendy Cunningham ... [et al.] |
| 260 ## - PUBLICACIÓN, DISTRIBUCIÓN, ETC. (PIE DE IMPRENTA) |
| Lugar de publicación, distribución, etc |
Washington : |
| Nombre del editor, distribuidor, etc. |
Banco Mundial , |
| Fecha de publicación, distribución, etc |
2008 |
| Nombre del editor, distribuidor, etc. |
|
| -- |
|
| -- |
|
| 300 ## - DESCRIPCIÓN FÍSICA |
| Extensión |
29 p. ; |
| Dimensiones |
23 cm. |
| 490 0# - MENCIÓN DE SERIES |
| Mención de serie |
Directions in development. Human development |
| 500 ## - NOTA GENERAL |
| Nota general |
Resumen de libro |
| 590 ## - NOTA LOCAL |
| Enlace |
Inventariado, 2023/VM |
| 650 #4 - ENCABEZAMIENTO DE MATERIA--TEMÁTICO |
| Término temático o nombre geográfico como elemento de entrada |
Jóvenes con discapacidades sociales |
| Subdivisión geográfica |
América Latina. |
| Subdivisión de forma |
|
| 650 #4 - ENCABEZAMIENTO DE MATERIA--TEMÁTICO |
| Término temático o nombre geográfico como elemento de entrada |
Servicios para jóvenes desaptados socialmente |
| Subdivisión geográfica |
Caribe (Región) |
| Subdivisión de forma |
. |
| 650 #4 - ENCABEZAMIENTO DE MATERIA--TEMÁTICO |
| Término temático o nombre geográfico como elemento de entrada |
Violencia |
| Subdivisión temática general |
Prevención |
| Subdivisión geográfica |
Caribe (Región) |
| 700 1# - ASIENTO SECUNDARIO -- NOMBRE PERSONAL |
| Nombre personal |
Cunningham, Wendy V. |
| 710 2# - ASIENTO SECUNDARIO -- NOMBRE CORPORATIVO |
| Nombre corporativo o de jurisdicción |
Banco Mundial |
| 910 ## - VALIDACIÓN |
| Validación |
VMateo V. Control de calidad. BPMSU |
| 942 ## - ADDED ENTRY ELEMENTS (KOHA) |
| Source of classification or shelving scheme |
Dewey Decimal Classification |
| Koha item type |
Libros |